عالم الملائكة / (رقم التسجيلة. 48751)

تفاصيل مارك
000 -الفاتح
عناصر البيانات ثابتة الطول 00642cam a2200193 i 4500
005 - تاريخ ووقت آخر معاملة
حقل ضبط 20251204115404.0
008 - عناصر البيانات ثابتة الطول
عناصر البيانات ثابتة الطول 250721s2001 jo gr 000 0 ara d
082 14 - رقم تصنيف ديوي العشري
رقم التصنيف 214.4
رقم المادة ج ب ا
100 1# - مدخل رئيسي – اسم شخصي
الاسم الشخصي الجبالي، أبو محمد
علاقة الشخص بالعمل/ دوره مؤلف.
245 10 - بيان العنوان
العنوان عالم الملائكة /
بيان المسؤولية ابو محمد الجبالي.
264 31 - بيانات النشر، التوزيع…إلخ
مكان النشر، التوزيع...إلخ بيروت :
اسم الناشر، الموزع...إلخ دار اليوسف،
تاريخ النشر، التوزيع...إلخ 2001.
264 31 - بيانات النشر، التوزيع…إلخ
مكان النشر، التوزيع...إلخ عمان :
اسم الناشر، الموزع...إلخ مكتبة الامام علي للنشر،
تاريخ النشر، التوزيع...إلخ 2001.
300 ## - الوصف المادي
عدد الوحدات المكونة للوعاء 143 صفحه.
650 17 - مدخل إضافي بالموضوع - مصطلح موضوعي
مصطلح موضوعي أو اسم جغرافي كعنصر مدخل الملائكة.
650 17 - مدخل إضافي بالموضوع - مصطلح موضوعي
مصطلح موضوعي أو اسم جغرافي كعنصر مدخل الإسلام.
650 17 - مدخل إضافي بالموضوع - مصطلح موضوعي
مصطلح موضوعي أو اسم جغرافي كعنصر مدخل المسيحية.
942 ## - بيانات إضافية (كوها)
نوع التنصيف Dewey Decimal Classification
نوع المادة (كوها) كتب
المقتنيات
حالة السحب حالة الفقدان مصدر التصنيف حالة التلف غير قابل للإعارة المكتبة الرئيسية المكتبة الحالية موقع الرف تاريخ التزويد الرقم المتسلسل Total Checkouts رقم الإستدعاء تاريخ آخر ظهور تاريخ الفاتورة نوع المادة (كوها) الباركود العملة
    Dewey Decimal Classification Unchecked   المكتبة المركزية المكتبة المركزية الإعارة 06/07/2004 446787   214.4/جبا 28/07/2025 06/07/2004 كتب    
    Dewey Decimal Classification     المكتبة المركزية المكتبة المركزية الإعارة 04/12/2025 446786   214.4 ج ب ا 04/12/2025 04/12/2025 كتب PLD446786 JOD
    Dewey Decimal Classification Unchecked   مكتبة أبو علندا العامة مكتبة أبو علندا العامة الإعارة 06/07/2004 446807   214.4/جبا 28/07/2025 06/07/2004 كتب    
    Dewey Decimal Classification     مكتبة أم قصير والمقابلين العامة مكتبة أم قصير والمقابلين العامة الإعارة 06/07/2004 446806   214.4/جبا 28/07/2025 06/07/2004 كتب 446806  
    Dewey Decimal Classification     مكتبة الأميرة ايمان العامة مكتبة الأميرة ايمان العامة الإعارة 06/07/2004 446798   214.4/جبا 28/07/2025 06/07/2004 كتب 446798  
    Dewey Decimal Classification Unchecked   مكتبة الاميرة بديعة مكتبة الاميرة بديعة الإعارة 06/07/2004 446801   214.4/جبا 28/07/2025 06/07/2004 كتب    
    Dewey Decimal Classification Unchecked   مكتبة الجويدة مكتبة الجويدة الإعارة 06/07/2004 446802   214.4/جبا 28/07/2025 06/07/2004 كتب    
    Dewey Decimal Classification Unchecked   مكتبة الحسن العامة مكتبة الحسن العامة الإعارة 06/07/2004 446803   214.4/جبا 28/07/2025 06/07/2004 كتب    
    Dewey Decimal Classification     مكتبة النصر العامة مكتبة النصر العامة الإعارة 06/07/2004 446809   214.4/جبا 28/07/2025 06/07/2004 كتب 446809  
    Dewey Decimal Classification     مكتبة حمزة العامة مكتبة حمزة العامة الإعارة 06/07/2004 446804   214.4/جبا 28/07/2025 06/07/2004 كتب 446804  
    Dewey Decimal Classification     مكتبة صويلح العامة مكتبة صويلح العامة الإعارة 06/07/2004 446799   214.4/جبا 28/07/2025 06/07/2004 كتب 446799  
    Dewey Decimal Classification     مكتبة وادي السير العامة مكتبة وادي السير العامة الإعارة 06/07/2004 446808   214.4/جبا 28/07/2025 06/07/2004 كتب 446808  
Implemented & Customized by: BBB with SCIT (Smart Chains for Information Technology)

Powered by Koha